00965nam a2200229 i 4500001000300000245018600003260004000189300004200229500006100271504002600332650003800358650002500396650002200421700003400443710005000477020001500527040000800542041001500550080003100565008004100596856009800637bg00aTechnologia maszyn i metrologia warstwy wierzchniej :bprace Zespołu Obróbki Powierzchniowej /cpod red. Krzysztofa Tubielewicza ; Wyższa Szkoła Pedagogiczna w Częstochowie. aCzęstochowa :bWydaw. WSP,c1998. a180 s. :bfot., rys., wykr. ;c24 cm. aTekst częśc. ang. - Streszcz. ang., pol. przy rozdz. aBibliogr. przy rozdz. 9aInżynieria powierzchnixbadanie 9aMaszynyxtechnologia 9aŻeliwoxbadanie1 aTUBIELEWICZ, Krzysztof.eRed. 0aWyższa Szkoła Pedagogiczna (Częstochowa) a837098519X cBPK0 aplenbenpl a621.791/.795:621.01:669.13 s pl f |000 0 pol  uhttp://koha.tu.koszalin.pl/cgi-bin/koha/opac-detail.pl?biblionumber=39969yKatalog online BPK